[Event "Hamburg-ch MB"]
[Site "Hamburg"]
[Date "2010.05.30"]
[Round "9.7"]
[White "Hasenbank, Dirk"]
[Black "Schleiss, Siegmund"]
[Result "1/2-1/2"]
[WhiteElo "1903"]
[BlackElo "1851"]
[PlyCount "115"]
[EventDate "2010.05.22"]
[EventType "swiss"]
[EventRounds "9"]
[EventCountry "GER"]
[SourceTitle "EXT 2011"]
[Source "ChessBase"]
[SourceDate "2010.11.26"]
[SourceVersion "1"]
[SourceVersionDate "2010.11.26"]
[SourceQuality "1"]

1. Nf3 Nf6 2. c4 c5 3. Nc3 d5 4. cxd5 Nxd5 5. g3 g6 6. Qb3 e6 7. Bg2 Bg7 8. d3 0-0 9. Bg5 Qb6 10. Qxb6 axb6 11. Bd2 Bd7 12. 0-0 Bc6 13. Ne1 b5 14. Nxd5 exd5 15. Bc3 d4 16. Bd2 Re8 17. Bf3 Bxf3 18. exf3 Re2 19. Bc1 c4 20. Ng2 c3 21. bxc3 dxc3 22. a3 c2 23. Ra2 b4 24. Re1 Rxe1+ 25. Nxe1 b3 26. Rb2 Rxa3 27. Rxc2 bxc2 28. Bxa3 Bc3 29. Nxc2 Nc6 30. Kf1 b5 31. Bc5 b4 32. Ke2 Kg7 33. Ke3 b3 34. Na3 b2 35. Nb1 Nb4 36. Bd4+ Bxd4+ 37. Kxd4 Na2 38. Kc4 Kf6 39. Kb3 Nc1+ 40. Kc4 Ke6 41. d4 Ne2 42. Kd3 Nc1+ 43. Kc4 Kd6 44. f4 f5 45. Na3 Kc6 46. f3 Kd6 47. Nb5+ Kc6 48. d5+ Kd7 49. Na3 Kd6 50. Nb5+ Kd7 51. Nc3 Kd6 52. Nb1 h6 53. Kd4 Ne2+ 54. Kd3 Ng1 55. Ke3 Nh3 56. Kd4 Ng1 57. Ke3 Nh3 58. Kd4 1/2-1/2

[Event "Hamburg-ch MB"]
[Site "Hamburg"]
[Date "2010.05.28"]
[Round "7.5"]
[White "Schleiss, Siegmund"]
[Black "Moser, Till"]
[Result "0-1"]
[WhiteElo "1851"]
[BlackElo "2022"]
[PlyCount "46"]
[EventDate "2010.05.22"]
[EventType "swiss"]
[EventRounds "9"]
[EventCountry "GER"]
[SourceTitle "EXT 2011"]
[Source "ChessBase"]
[SourceDate "2010.11.26"]
[SourceVersion "1"]
[SourceVersionDate "2010.11.26"]
[SourceQuality "1"]

1. d4 e6 2. Nf3 b6 3. e4 d5 4. e5 Qd7 5. c3 c5 6. Be3 h5 7. h3 h4 8. a4 Ba6 9. Bxa6 Nxa6 10. 0-0 Nh6 11. Qe2 Nc7 12. Nxh4 Be7 13. Bxh6 Rxh6 14. Nf3 f5 15. c4 g5 16. Nh2 g4 17. hxg4 0-0-0 18. g5 Bxg5 19. f4 Be7 20. Nc3 cxd4 21. Nb5 d3 22. Qd2 Bc5+ 23. Rf2 Nxb5 0-1

[Event "Hamburg-ch MB"]
[Site "Hamburg"]
[Date "2010.05.27"]
[Round "6.6"]
[White "Raddatz, Michael"]
[Black "Schleiss, Siegmund"]
[Result "0-1"]
[WhiteElo "2041"]
[BlackElo "1851"]
[PlyCount "56"]
[EventDate "2010.05.22"]
[EventType "swiss"]
[EventRounds "9"]
[EventCountry "GER"]
[SourceTitle "EXT 2011"]
[Source "ChessBase"]
[SourceDate "2010.11.26"]
[SourceVersion "1"]
[SourceVersionDate "2010.11.26"]
[SourceQuality "1"]

1. e4 Nf6 2. e5 Nd5 3. Nc3 Nxc3 4. dxc3 d5 5. Be3 e6 6. Nf3 c5 7. Qd2 Nc6 8. Be2 Bd7 9. 0-0 Be7 10. Rfe1 0-0 11. Rad1 Qc7 12. Bf4 Rad8 13. Bd3 Bc8 14. Ng5 Bxg5 15. Bxg5 Rd7 16. Qe3 c4 17. Bf6 Ne7 18. Qg5 Ng6 19. Re3 gxf6 20. Qxf6 cxd3 21. Rdxd3 Qd8 22. Rh3 Qxf6 23. exf6 Nf4 24. Rhg3+ Kh8 25. Rde3 Rg8 26. Rgf3 Nxg2 27. Re5 Nh4+ 28. Rg3 Nf3+ 0-1

[Event "Hamburger Liga Aufstieg"]
[Site "Hamburg"]
[Date "2009.08.23"]
[Round "6.7"]
[White "Goepfert, Jakob"]
[Black "Schleiss, Siegmund"]
[Result "1-0"]
[WhiteElo "2038"]
[BlackElo "1698"]
[PlyCount "93"]
[EventDate "2009.08.08"]
[EventType "swiss"]
[EventRounds "6"]
[EventCountry "GER"]
[SourceTitle "EXT 2022"]
[Source "ChessBase"]
[SourceDate "2021.10.06"]
[SourceVersion "1"]
[SourceVersionDate "2021.10.06"]
[SourceQuality "1"]

1. d4 Nf6 2. Nf3 g6 3. c4 Bg7 4. Nc3 d5 5. e3 e6 6. Bd2 0-0 7. Rc1 Nbd7 8. cxd5 exd5 9. Qb3 c6 10. Bd3 Re8 11. 0-0 Ne4 12. Qc2 f5 13. h4 Ndf6 14. b4 b6 15. Na4 Bd7 16. g3 Ng4 17. b5 cxb5 18. Nc3 Nxc3 19. Qxc3 a6 20. Qb3 Be6 21. Rc6 Rc8 22. Rfc1 Rxc6 23. Rxc6 Nf6 24. Qa3 Bd7 25. Rc2 Bc8 26. Qc3 Bf8 27. Qc6 Bd7 28. Qb7 Bc8 29. Qa7 Nd7 30. Qa8 Nf6 31. Ne5 Bd6 32. Rc6 Bxe5 33. dxe5 Ne4 34. Bb4 Bd7 35. Qxd8 Rxd8 36. Rxb6 Bc8 37. e6 Re8 38. e7 Kf7 39. Rc6 Nf6 40. Rc7 Ng8 41. Ra7 Nxe7 42. a4 bxa4 43. Bc2 a5 44. Ba3 Kf6 45. Bxa4 Nc6 46. Bxc6 Re6 47. Bb2+ 1-0

[Event "Hamburger Liga Aufstieg"]
[Site "Hamburg"]
[Date "2009.08.16"]
[Round "4.10"]
[White "Hein, Stefan"]
[Black "Schleiss, Siegmund"]
[Result "1/2-1/2"]
[WhiteElo "2027"]
[BlackElo "1698"]
[PlyCount "67"]
[EventDate "2009.08.08"]
[EventType "swiss"]
[EventRounds "6"]
[EventCountry "GER"]
[SourceTitle "EXT 2022"]
[Source "ChessBase"]
[SourceDate "2021.10.06"]
[SourceVersion "1"]
[SourceVersionDate "2021.10.06"]
[SourceQuality "1"]

1. d4 Nf6 2. Bg5 e6 3. e4 h6 4. Bxf6 Qxf6 5. Nf3 d6 6. Nc3 g6 7. e5 Qd8 8. exd6 cxd6 9. Bb5+ Nd7 10. Qd2 a6 11. Bd3 Bg7 12. h4 Qb6 13. 0-0 Qxb2 14. Ne4 Qb6 15. Rab1 Qc7 16. Qb4 Bf8 17. Qa4 Rb8 18. c4 Be7 19. Rfe1 0-0 20. Qd1 Nf6 21. Ng3 Bd7 22. h5 g5 23. Qd2 Nh7 24. Nf5 exf5 25. Rxe7 Rbe8 26. Ree1 Qd8 27. d5 Bc8 28. Bc2 Rxe1+ 29. Rxe1 Re8 30. Nd4 Rxe1+ 31. Qxe1 Qf6 32. Qe8+ Kg7 33. Qxc8 Qxd4 34. Qxf5 1/2-1/2

[Event "Hamburg-ch U16"]
[Site "Schoenhagen"]
[Date "2009.03.21"]
[Round "9"]
[White "Raider, Eugen"]
[Black "Schleiss, Siegmund"]
[Result "0-1"]
[WhiteElo "1885"]
[BlackElo "1567"]
[PlyCount "86"]
[EventDate "2009.03.14"]
[EventType "swiss"]
[EventRounds "9"]
[EventCountry "GER"]
[SourceTitle "EXT 2010"]
[Source "ChessBase"]
[SourceDate "2010.11.25"]
[SourceVersion "1"]
[SourceVersionDate "2010.11.25"]
[SourceQuality "1"]

1. Nc3 d5 2. e4 dxe4 3. Nxe4 Nd7 4. Bc4 e6 5. d3 Ngf6 6. Nf3 Be7 7. Qe2 h6 8. Bf4 Nb6 9. Rd1 Nbd5 10. Bg3 Bd7 11. Ne5 0-0 12. Nxd7 Qxd7 13. 0-0 Rad8 14. f4 c6 15. Be1 Bd6 16. Nxd6 Qxd6 17. Qf3 Rde8 18. d4 Nh7 19. Bd3 f5 20. a3 Rf7 21. Kh1 Ndf6 22. Qe2 Qd7 23. Bb4 Nf8 24. Bc3 g5 25. fxg5 hxg5 26. Qe3 Rg7 27. Be2 Qf7 28. Be1 Nd5 29. Qd2 Qg6 30. Bf2 e5 31. Bd3 Rh7 32. dxe5 Qh5 33. Bg1 Rh6 34. Rxf5 Ne6 35. Bc4 Qg4 36. Rdf1 Nef4 37. Bxd5+ cxd5 38. Rf6 Rxf6 39. exf6 Re2 40. f7+ Kh7 41. f8N+ Kh6 42. Qxe2 Qxe2 43. Rf2 Qe7 0-1

[Event "Hamburg-ch U16"]
[Site "Schoenhagen"]
[Date "2009.03.16"]
[Round "3"]
[White "Schleiss, Siegmund"]
[Black "Peters, Thomas"]
[Result "1-0"]
[WhiteElo "1567"]
[BlackElo "1126"]
[PlyCount "103"]
[EventDate "2009.03.14"]
[EventType "swiss"]
[EventRounds "9"]
[EventCountry "GER"]
[SourceTitle "EXT 2010"]
[Source "ChessBase"]
[SourceDate "2010.11.25"]
[SourceVersion "1"]
[SourceVersionDate "2010.11.25"]
[SourceQuality "1"]

1. d4 Nf6 2. Nf3 e6 3. Bg5 h6 4. Bh4 g5 5. Bg3 Ne4 6. e3 Nc6 7. Bd3 Nxg3 8. hxg3 Bg7 9. c3 d5 10. Nbd2 Bd7 11. Qe2 Qe7 12. a3 e5 13. dxe5 Nxe5 14. Nxe5 Bxe5 15. g4 0-0-0 16. Rb1 Rdf8 17. Qf3 c6 18. Bf5 Be6 19. c4 d4 20. e4 c5 21. b4 b6 22. Qb3 Kc7 23. Qa4 Ra8 24. bxc5 Qxc5 25. Rb5 Qc6 26. Qa6 Bd6 27. e5 Be7 28. Be4 Qd7 29. Qb7+ Kd8 30. Qxa8+ Qc8 31. Qxa7 Bxc4 32. Qxb6+ Kd7 33. Qxd4+ Ke8 34. Qxc4 Qd8 35. Rd5 Qb8 36. Qb5+ Qxb5 37. Rxb5 Kf8 38. Rb8+ Kg7 39. Rxh8 Kxh8 40. a4 Kg7 41. Ke2 f6 42. e6 Bc5 43. Rb1 Kf8 44. Rb7 Ke8 45. Rd7 Kf8 46. a5 Bb4 47. a6 Bc5 48. Nc4 Ke8 49. Bh7 Kf8 50. a7 Bxa7 51. Nd6 Bb6 52. Rf7# 1-0

[Event "Hamburg-ch U16"]
[Site "Schoenhagen"]
[Date "2009.03.14"]
[Round "1"]
[White "Schleiss, Siegmund"]
[Black "Deutschbein, Christopher"]
[Result "1-0"]
[WhiteElo "1567"]
[BlackElo "1346"]
[PlyCount "89"]
[EventDate "2009.03.14"]
[EventType "swiss"]
[EventRounds "9"]
[EventCountry "GER"]
[SourceTitle "EXT 2010"]
[Source "ChessBase"]
[SourceDate "2010.11.25"]
[SourceVersion "1"]
[SourceVersionDate "2010.11.25"]
[SourceQuality "1"]

1. d4 d5 2. Nf3 Nc6 3. Bg5 Bf5 4. c3 f6 5. Bf4 e6 6. e3 Bd6 7. Bb5 Nge7 8. Qb3 Bxf4 9. exf4 Qd6 10. g3 0-0 11. Nbd2 e5 12. Bxc6 Nxc6 13. Nh4 Bd3 14. c4 dxc4 15. dxe5 fxe5 16. Nxc4 Qb4+ 17. Qxb4 Nxb4 18. Nxe5 Rad8 19. Nxd3 Nxd3+ 20. Ke2 Rfe8+ 21. Kf3 Nxb2 22. Rhe1 Nd3 23. Rxe8+ Rxe8 24. Rd1 Nc5 25. Rd5 b6 26. Nf5 Kf7 27. g4 g6 28. Nd4 Ne6 29. Nc6 Kg8 30. Rd7 Rf8 31. Ne7+ Kh8 32. f5 gxf5 33. gxf5 Ng7 34. Ke4 Nh5 35. Rxc7 Nf6+ 36. Ke5 Ng4+ 37. Kf4 Nxf2 38. Rxa7 Nd3+ 39. Kg5 Nc5 40. h4 Ne4+ 41. Kf4 Nc5 42. Nd5 Nd3+ 43. Kg5 Rg8+ 44. Kh6 Rd8 45. Nf6 1-0